000 00713nam a22002537a 4500
001 53523
003 UA-OsUOA
005 20220529180428.0
007 ta
008 20080409b un ||||| |||| 00| 0 ukr d
020 _a966000575Х
040 _aUA-OsUOA
_bukr
_cUA-OsUOA
_dUA-OsUOA
041 _aukr
080 _a94(477)
090 _a94(477)
_bІ-90
245 _aІсторія українського селянства
260 _aК.
_bНаукова думка
_c2006
300 _a652 с.
505 _gТ. 2
650 7 _a9 Географія. Біографії. Історія
_2UDC
942 _cBK
_2udc
955 _a2
999 _c339605
_d339605